7 Θανάσιμα Αμαρτήματα - Statistics

General Stats
  • This quiz has been taken 240 times
  • The average score is 3 of 7
Answer Stats
Αμαρτήματα % Correct
Λαιμαργία
65%
Ζηλοφθονία
63%
Λαγνεία
63%
Οκνηρία
46%
Απληστία
37%
Οργή
35%
Αλαζονεία
27%
No matching quizzes found
Score Distribution
Percent of People with Each Score
Percentile by Number Answered
Your Score History
You have not taken this quiz